Score 0/77 Timer 08:00
4 Plays Today
Episode Title Missing Word % Correct
Teacher's ___Pet
97.9%
Welcome to the ___Hellmouth
92.7%
Never ___ a Boy on the First DateKill
91.1%
Out of Mind, Out of ___Sight
88.7%
I Only Have ___ for YouEyes
87%
No ___ Like HomePlace
86.5%
Once More, With ___Feeling
86.2%
Where the ___ Things AreWild
84.7%
Wild at ___Heart
84.2%
Inca ___ GirlMummy
82.6%
Some ___ RequiredAssembly
82.6%
Tough ___Love
82.6%
___ and the BeastsBeauty
81.6%
When She Was ___Bad
81.1%
Same ___, Same PlaceTime
80.8%
I, ___... You, JaneRobot
80.6%
Reptile ___Boy
80.1%
___ FishGo
78.4%
Faith, ___ and TrickHope
78.3%
New ___ RisingMoon
78.1%
___ RasaTabula
77.7%
The I in ___Team
77.4%
___ to MeLie
76.7%
___ Are You?Who
76.1%
Doublemeat ___Palace
76%
What's My ___?Line
75.6%
___, Bothered, and BewilderedBewitched
74.3%
Out of My ___Mind
73.5%
After ___Life
72.1%
Buffy vs. ___Dracula
71.9%
I Was ___ To Love YouMade
71.9%
Band ___Candy
71.6%
Killed by ___Death
70.6%
___ ItselfFear
70.4%
The Yoko ___Factor
69.7%
The Puppet ___Show
69.5%
The ___ Light of DayHarsh
68.1%
This ___'s GirlYear
67.5%
___ with Dead PeopleConversations
66.6%
Episode Title Missing Word % Correct
School ___Hard
66.5%
Lovers ___Walk
65.6%
Something ___Blue
64.9%
___ BadBeer
63.8%
___ RedSeeing
63%
___ DayGraduation
62.7%
As You ___Were
62.5%
End of ___Days
61.7%
Lies My ___ Told MeParents
61.7%
Hell's ___Bells
61.3%
Into the ___Woods
60.3%
___ TiesBlood
59.9%
___ GirlProphecy
59.6%
___ ThingsDead
56.6%
___ ConditionsLiving
56.1%
Bad ___Girls
56.1%
___ DateFirst
55.9%
___ for LoveFool
55.9%
___ IowaGoodbye
55.4%
Bring on the ___Night
53.8%
Bad ___Eggs
53.6%
Dead Man's ___Party
52%
___ to GoTwo
51%
Normal ___Again
50.9%
A New ___Man
49.8%
The Dark ___Age
48.1%
Never ___ MeLeave
47.1%
Get It ___Done
46.6%
___ the WayAll
45.1%
The ___ of the WorldWeight
45.1%
___ and Far AwayOlder
43.1%
The ___ in MeKiller
42.2%
___ GirlsDirty
39.8%
Life ___Serial
38.1%
___ MeReal
37.1%
___ to FearListening
31.2%
___ PlacesEmpty
29.8%
___ YouBeneath
25.3%

You're not logged in!

Compare scores with friends on all Sporcle quizzes.
OR
Log In

Sporcle TV

Today on Sporcle TV


Watch our educational content, quiz creation guides, and fun videos on Sporcle TV.

Show Comments

Extras

Top Quizzes Today


Score Distribution

Paid Content

Your Account Isn't Verified!

In order to create a playlist on Sporcle, you need to verify the email address you used during registration. Go to your Sporcle Settings to finish the process.

Report this User

Report this user for behavior that violates our Community Guidelines.

Details: